Eccitante : due racconti erotici /

সংরক্ষণ করুন:
গ্রন্থ-পঞ্জীর বিবরন
প্রধান লেখক: Croce, Fabio (লেখক), Grotz, Herman (লেখক)
বিন্যাস: গ্রন্থ
ভাষা:ইতালিয়
প্রকাশিত: Roma : Edizioni Libreria Croce, s1998
ট্যাগগুলো: ট্যাগ যুক্ত করুন
কোনো ট্যাগ নেই, প্রথমজন হিসাবে ট্যাগ করুন!

MARC

LEADER 00000nam a22000007i 4500
001 IT\ICCU\UBO\3181970
003 ItRI
005 20260115232249.0
008 070411s1998 it |||||| ||||| |||||c
040 |b ita  |c importazione bologna sebina 
041 7 |a ita  |2 ISO-639-2 
100 1 |a Croce, Fabio  |0 IT\ICCU\MODV\119433  |4 aut 
245 1 0 |a Eccitante :  |b due racconti erotici /  |c Luca Selvaggi, Herman Grotz. 
260 |a Roma :  |b Edizioni Libreria Croce,  |c s1998 
300 |a 90 p. ;  |c 21 cm. 
700 1 |a Grotz, Herman  |0 IT\ICCU\MODV\160496  |4 aut 
790 1 |a Selvaggi, Luca  |3 IT\ICCU\CFIV\196543  |z Croce, Fabio 
942 |2 ddc  |c BK  |n 0 
952 |0 0  |1 0  |4 0  |6 DOC_853_914000000000000_SEL  |7 0  |9 23208  |a BO  |b BO  |d 2026-01-15  |i 4846  |l 0  |o DOC 853.914 SEL  |p BO4846  |r 2026-01-15 23:22:49  |w 2026-01-15  |x [Sebina 5] [1 v.]  |y BK  |z 1 v. 
999 |c 19792  |d 19792